| 000 | 00712nam a2200229 a 4500 | ||
|---|---|---|---|
| 999 |
_c1634 _d1634 |
||
| 001 | 1634 | ||
| 003 | BD-JhCC | ||
| 005 | 20171022204853.0 | ||
| 008 | 171022s2006 b ||||| |||| 00| 0 ben d | ||
| 020 | _a984412560X | ||
| 035 | _a(BD-JhCC)1634 | ||
| 040 |
_aBD-JhCC _dBD-JhCC |
||
| 041 | _aben | ||
| 082 |
_223 _a891.4409 _bMAM 2006 |
||
| 100 | _aমামুন, মুনতাসীর | ||
| 245 |
_aঢাকার হারিয়ে যাওয়া বইয়ের খোঁজে / _cমুনতাসীর মামুন |
||
| 260 |
_aঢাকা : _bঅনন্যা, _c২০০৬ |
||
| 300 |
_a127 p. : _c22cm. |
||
| 650 | _aBengali literature | ||
| 942 |
_2ddc _cBK |
||